Kỹ năng thương lượng Negotiation
Giới thiệu về các hình thức, các chiến thuật, kỹ năng thương lượng, những sai lầm trong tư duy, tầm quan trọng của mối quan hệ...
Сохранить в:
| Главный автор: | |
|---|---|
| Формат: | |
| Язык: | Undetermined |
| Опубликовано: |
Tp. Hồ Chí Minh
Tổng hợp Tp.HCM
2013
|
| Предметы: | |
| Online-ссылка: | http://lrc.tdmu.edu.vn/opac/search/detail.asp?aID=2&ID=20710 |
| Метки: |
Добавить метку
Нет меток, Требуется 1-ая метка записи!
|
| Thư viện lưu trữ: | Trung tâm Học liệu Trường Đại học Thủ Dầu Một |
|---|
| LEADER | 00927nam a2200217Ia 4500 | ||
|---|---|---|---|
| 001 | TDMU_20710 | ||
| 008 | 210410s9999 xx 000 0 und d | ||
| 082 | |a 658.45 | ||
| 090 | |b NG527 | ||
| 100 | |a Nguyễn, Văn Quì | ||
| 245 | 0 | |a Kỹ năng thương lượng | |
| 245 | 0 | |b Negotiation | |
| 245 | 0 | |c Nguyễn Văn Quì hiệu đính | |
| 260 | |a Tp. Hồ Chí Minh | ||
| 260 | |b Tổng hợp Tp.HCM | ||
| 260 | |c 2013 | ||
| 300 | |a 183tr. | ||
| 520 | |a Giới thiệu về các hình thức, các chiến thuật, kỹ năng thương lượng, những sai lầm trong tư duy, tầm quan trọng của mối quan hệ... | ||
| 650 | |a Quản trị kinh doanh |x Thương lượng; Thương lượng kinh doanh | ||
| 856 | |u http://lrc.tdmu.edu.vn/opac/search/detail.asp?aID=2&ID=20710 | ||
| 980 | |a Trung tâm Học liệu Trường Đại học Thủ Dầu Một | ||